[Event "Warsaw Cup"]
[Site "Warsaw"]
[Date "1980.06.02"]
[Round "11"]
[White "Uhlmann, Wolfgang"]
[Black "Mazul, Waldemar"]
[Result "1/2-1/2"]
[WhiteElo "2510"]
[BlackElo "2325"]
[PlyCount "48"]
[EventDate "1980.05.23"]
[EventType "tourn"]
[EventRounds "11"]
[EventCountry "POL"]
[EventCategory "7"]
[SourceTitle "EXT 2001"]
[Source "ChessBase"]
[SourceDate "2000.11.22"]
[SourceVersion "1"]
[SourceVersionDate "2000.11.22"]
[SourceQuality "1"]

1. c4 c5 2. Nf3 Nf6 3. Nc3 e6 4. g3 b6 5. Bg2 Bb7 6. d4 cxd4 7. Qxd4 Be7 8. 0-0 d6 9. b3 Na6 10. Ba3 Nc5 11. Rfd1 a6 12. Qe3 Qc7 13. Rac1 0-0 14. Nd4 Bxg2 15. Kxg2 Rfe8 16. f4 Bf8 17. Qf3 Rac8 18. Bb2 Qb8 19. Re1 g6 20. Rcd1 Bg7 21. b4 Nb7 22. Nc6 Qc7 23. b5 Nd8 24. Nxd8 Rexd8 1/2-1/2

[Event "Warsaw Cup"]
[Site "Warsaw"]
[Date "1980.06.01"]
[Round "10"]
[White "Mazul, Waldemar"]
[Black "Bernard, Ryszard"]
[Result "1/2-1/2"]
[WhiteElo "2325"]
[BlackElo "2370"]
[PlyCount "88"]
[EventDate "1980.05.23"]
[EventType "tourn"]
[EventRounds "11"]
[EventCountry "POL"]
[EventCategory "7"]
[SourceTitle "EXT 2001"]
[Source "ChessBase"]
[SourceDate "2000.11.22"]
[SourceVersion "1"]
[SourceVersionDate "2000.11.22"]
[SourceQuality "1"]

1. e4 c5 2. Nf3 d6 3. g3 Nf6 4. Qe2 Nc6 5. h3 g6 6. Bg2 Bg7 7. 0-0 0-0 8. c3 e5 9. d3 b6 10. Rd1 Ba6 11. c4 Ne8 12. Nc3 Nc7 13. Rf1 Bb7 14. Be3 Ne6 15. Nh2 Ncd4 16. Qd2 f5 17. f4 exf4 18. gxf4 Qd7 19. Rae1 Rae8 20. Kh1 Kh8 21. Nd5 Rf7 22. Nf3 Nxf3 23. Bxf3 Nd4 24. Bg2 Ref8 25. Bxd4 Bxd4 26. e5 Bxd5 27. Bxd5 Re7 28. e6 Qd8 29. Re2 Rg8 30. b4 Qf8 31. b5 Qf6 32. Rg2 Qh4 33. Rf3 h6 34. Qe2 Kh7 35. a4 Rgg7 36. Qf1 Qf6 37. Qe2 Qh4 38. Qf1 Rg8 39. Rfg3 Qf6 40. Re2 Qh4 41. Qf3 Rgg7 42. Bc6 Kh8 43. Bd7 g5 44. fxg5 hxg5 1/2-1/2

[Event "Warsaw Cup"]
[Site "Warsaw"]
[Date "1980.05.23"]
[Round "1"]
[White "Mazul, Waldemar"]
[Black "Rakic, Tomislav"]
[Result "1/2-1/2"]
[WhiteElo "2325"]
[BlackElo "2455"]
[PlyCount "54"]
[EventDate "1980.05.23"]
[EventType "tourn"]
[EventRounds "11"]
[EventCountry "POL"]
[EventCategory "7"]
[SourceTitle "EXT 2001"]
[Source "ChessBase"]
[SourceDate "2000.11.22"]
[SourceVersion "1"]
[SourceVersionDate "2000.11.22"]
[SourceQuality "1"]

1. e4 g6 2. d4 Bg7 3. Nf3 d6 4. Be2 Nf6 5. Nc3 0-0 6. h3 c6 7. a4 Nbd7 8. 0-0 e5 9. Re1 Re8 10. dxe5 dxe5 11. Be3 Qe7 12. Bc4 h6 13. Qd2 Kh7 14. Rad1 Bf8 15. Bb3 b6 16. Qe2 Nc5 17. Bxc5 bxc5 18. Bc4 Nh5 19. Qe3 Nf4 20. Ne2 Qc7 21. Nxf4 exf4 22. Qd3 Bg7 23. c3 Rb8 24. Qd2 Be6 25. Bxe6 Rxe6 26. Re2 Rbe8 27. e5 g5 1/2-1/2